Residential panel managers (Record no. 116021)
[ view plain ]
| 000 -LEADER | |
|---|---|
| fixed length control field | 01415cad a22002655a 4500 |
| 001 - CONTROL NUMBER | |
| control field | L159583 |
| 008 - FIXED-LENGTH DATA ELEMENTS--GENERAL INFORMATION | |
| fixed length control field | 150416s2016 xxk f 000 0 eng d |
| 020 ## - INTERNATIONAL STANDARD BOOK NUMBER | |
| International Standard Book Number | 9781783211463 |
| 035 ## - SYSTEM CONTROL NUMBER | |
| System control number | (Sirsi) u159583 |
| 041 0# - LANGUAGE CODE | |
| Language code of text/sound track or separate title | eng |
| 110 2# - MAIN ENTRY--CORPORATE NAME | |
| Corporate name or jurisdiction name as entry element | Royal Institution of Chartered Surveyors |
| 9 (RLIN) | 4900 |
| 245 00 - TITLE STATEMENT | |
| Title | Residential panel managers |
| Medium | [electronic resource] |
| Statement of responsibility, etc. | [archived] |
| 260 ## - PUBLICATION, DISTRIBUTION, ETC. | |
| Place of publication, distribution, etc. | London |
| Name of publisher, distributor, etc. | RICS |
| Date of publication, distribution, etc. | 2016 |
| 300 ## - PHYSICAL DESCRIPTION | |
| Extent | 20p. |
| 490 #0 - SERIES STATEMENT | |
| Series statement | RICS Guidance Note |
| 490 #0 - SERIES STATEMENT | |
| Series statement | RICS Protocol |
| 520 ## - SUMMARY, ETC. | |
| Summary, etc. | Sets out professional standards for the industry and, as a model for best practice, aims to improve protection for all parties to the valuation process. This protocol has been jointly set up and endorsed by an industry wide group comprising representatives of RICS, lenders, insurers and panel management firms involved in the residential mortgage valuation market. It does not replace any existing obligations placed on firms by their professional, statutory or regulatory bodies. |
| 520 ## - SUMMARY, ETC. | |
| Summary, etc. | This document has been archived and is available on isurv for information purposes only. Document was effective May 2016 to May 2022. |
| 650 24 - SUBJECT ADDED ENTRY--TOPICAL TERM | |
| Topical term or geographic name entry element | MORTGAGE VALUATION |
| 650 24 - SUBJECT ADDED ENTRY--TOPICAL TERM | |
| Topical term or geographic name entry element | POST-VALUATION |
| 651 #4 - SUBJECT ADDED ENTRY--GEOGRAPHIC NAME | |
| Geographic name | United Kingdom |
| 690 ## - LOCAL SUBJECT ADDED ENTRY--TOPICAL TERM (OCLC, RLIN) | |
| Topical term or geographic name as entry element | Valuation |
| 9 (RLIN) | 6273 |
| 856 41 - ELECTRONIC LOCATION AND ACCESS | |
| Uniform Resource Identifier | <a href="https://www.isurv.com/downloads/download/2074/residential_panel_managers_archived">https://www.isurv.com/downloads/download/2074/residential_panel_managers_archived</a> |
| Public note | Archived on iSurv (subscription required) |
| 942 ## - ADDED ENTRY ELEMENTS (KOHA) | |
| Suppress in OPAC | 0 |
| Source of classification or shelving scheme | Dewey Decimal Classification |
| Withdrawn status | Lost status | Source of classification or shelving scheme | Damaged status | Not for loan | Home library | Current library | Shelving location | Date acquired | Total Checkouts | Full call number | Barcode | Date last seen | Copy number | Price effective from | Koha item type |
|---|---|---|---|---|---|---|---|---|---|---|---|---|---|---|---|
| Dewey Decimal Classification | Virtual | Virtual | Online | 14/09/2017 | iSurv | 159583-2001 | 28/04/2023 | 1 | 06/08/2019 | Book |